• 首页
  • 本馆介绍
  • 公告通知
  • 最新文献
  • 馆藏检索
  • 电子资源
  • 读者导购
  • 参考咨询
  • 我的图书馆
  • 登录
  • 详细信息显示
  • 放入我的书架
  • 预约/预借图书
  • 作者相关作品
  • 分类相关作品
  • 丛书相关作品
  • 出版社相关作品

书目信息

  • 表格格式
  • 工作单格式
  • 卡片格式
题名:
诗圣杜甫与现实主义诗歌
    
 
作者: 陈少志 编著
分册:  
出版信息: 长春   吉林文史出版社  2018重印
页数: 120页
开本: 23cm
丛书名: 中国文化知识读本
单 册:
中图分类: K825.6=42 , I207.22
科图分类:
主题词: 杜诗--du shi--文学研究
电子资源:
ISBN: 978-7-5463-1987-2
000 01264nam 2200289 45
001 012001010262
005 20140101131403.0
010    @a978-7-5463-1987-2@dCNY34.80
099    @aCAL 012010199847
100    @a20100921d2010 ekmy0chiy0120 ea
101 0  @achi
102    @aCN@b220000
105    @aach z 000yd
106    @ar
200 1  @a诗圣杜甫与现实主义诗歌@Ashi sheng du fu yu xian shi zhu yi shi ge@f编著陈少志
210    @a长春@c吉林文史出版社@d2018重印
215    @a120页@c图, 肖像, 摹真@d23cm
225 2  @a中国文化知识读本@Azhong guo wen hua zhi shi du ben@f主编金开诚
330    @a《中国文化知识读本》是由吉林出版集团有限责任公司和吉林文史出版社组织国内知名专家学者编写的一套旨在传播中华五千年优秀传统文化,提高全民文化修养的大型知识读本。本书在深入挖掘和整理中华优秀传统文化成果的同时,结合社会发展,注入了时代精神。书中优美生动的文字、简明通俗的语言、图文并茂的形式,把中国文化中的物态文化、制度文化、行为文化、精神文化等知识要点全面展示给读者。
410  0 @12001 @a中国文化知识读本
600  0 @a杜甫,@Adu fu@f712-770@x人物研究
606 0  @a杜诗@Adu shi@x文学研究
690    @aK825.6=42@v4
690    @aI207.22@v4
701  0 @a陈少志@Achen shao zhi@4编著
801  2 @aCN@b上海新华@c20191020
905    @b1136225-8@dK825.6=42@e1293@f4
    
    诗圣杜甫与现实主义诗歌/编著陈少志.-长春:吉林文史出版社,2018重印
    120页:图, 肖像, 摹真;23cm.-(中国文化知识读本/主编金开诚)
    
    
    ISBN 978-7-5463-1987-2:CNY34.80
    《中国文化知识读本》是由吉林出版集团有限责任公司和吉林文史出版社组织国内知名专家学者编写的一套旨在传播中华五千年优秀传统文化,提高全民文化修养的大型知识读本。本书在深入挖掘和整理中华优秀传统文化成果的同时,结合社会发展,注入了时代精神。书中优美生动的文字、简明通俗的语言、图文并茂的形式,把中国文化中的物态文化、制度文化、行为文化、精神文化等知识要点全面展示给读者。
●
相关链接 在E读中查询图书 在五车中查询图书 在当当中查询图书 在豆瓣中查询图书


正题名:诗圣杜甫与现实主义诗歌     索取号:K825.6=42/1293         预约/预借

序号 登录号 条形码 馆藏地/架位号 状态 备注
1 1136225   211362256   第二样本阅览室/ [索取号:K825.6=42/1293] 在馆    
2 1136226   211362265   第二借阅区/ [索取号:K825.6=42/1293] 在馆    
3 1136227   211362274   第二借阅区/ [索取号:K825.6=42/1293] 在馆    
4 1136228   211362283   第二借阅区/ [索取号:K825.6=42/1293] 在馆    
唐山师范学院图书馆 欢迎您!
大连网信软件有限公司© 版权所有